ბათუმის შოთა რუსთაველის სახელმწიფო უნივერსიტეტის ბიბლიოთეკა

ფრანგული არგო(ქსეროქსი) (ბიბ.ჩანაწერი № 50793)

000 -LEADER
fixed length control field 00826nam a2200253Ia 4500
001 - CONTROL NUMBER
control field 17745
003 - CONTROL NUMBER IDENTIFIER
control field GE_BSU
008 - FIXED-LENGTH DATA ELEMENTS--GENERAL INFORMATION
fixed length control field 181216s||||||||xx |||||||||||||| ||und||
020 ## - INTERNATIONAL STANDARD BOOK NUMBER
International Standard Book Number 9994029004
040 ## - CATALOGING SOURCE
Transcribing agency GE_BSU
080 ## - UNIVERSAL DECIMAL CLASSIFICATION NUMBER
Universal Decimal Classification number 811.133.1'276
100 ## - MAIN ENTRY--PERSONAL NAME
Personal name ჯაში,ქეთევან
245 ## - TITLE STATEMENT
Title ფრანგული არგო(ქსეროქსი)
245 ## - TITLE STATEMENT
Remainder of title ფრანგული ქურდული ჟარგონი
260 ## - PUBLICATION, DISTRIBUTION, ETC.
Place of publication, distribution, etc. თბილისი
260 ## - PUBLICATION, DISTRIBUTION, ETC.
Name of publisher, distributor, etc. ენა და კულტურა
260 ## - PUBLICATION, DISTRIBUTION, ETC.
Date of publication, distribution, etc. 2003
300 ## - PHYSICAL DESCRIPTION
Extent 160გვ;16სმ
653 ## - INDEX TERM--UNCONTROLLED
Uncontrolled term ფრანგული არგო
653 ## - INDEX TERM--UNCONTROLLED
Uncontrolled term ფრანგული ენა
653 ## - INDEX TERM--UNCONTROLLED
Uncontrolled term ფრანგული ქურდული ჟარგონი
942 ## - ADDED ENTRY ELEMENTS (KOHA)
Koha item type წიგნი
ეგზემპლარები
Withdrawn status Lost status Damaged status Not for loan Date acquired Barcode Date last seen Price effective from Koha item type
        2018-12-17 ქსეროქსი-22 2018-12-17 2018-12-17 წიგნი